000 01041cam a22002897a 4500
999 _c481
_d481
001 11866326
003 GZU
005 20200901123042.0
008 990915s1998 rh a b 000 0 eng
010 _a 99892413
020 _a0869227297
035 _a(DLC) 99892413
040 _aDLC
_cDLC
_dDLC
042 _alcode
050 0 0 _aBR1446 VER
100 2 _aVerstraelen, F. J.
_eAuthor
245 1 0 _aZimbabwean realities and Christian responses :
_bcontemporary aspects of Christianity in Zimbabwe /
_cFrans J. Verstraelen.
246 1 8 _aZim. realities and [Christ]ian responses
260 _a[Gweru, Zimbabwe :
_bMambo Press],
_c1998.
300 _aviii, 152 p. :
_bill. ;
_c22 cm.
440 0 _aMambo occasional papers.
_pMissio-pastoral series ;
_vno. 25.
500 _aOn spine [Christ] appears as the symbol for the cross.
504 _aIncludes bibliographical references (p. 139-152).
906 _a7
_bcbc
_corigode
_d4
_encip
_f19
_gy-gencatlg
942 _2lcc
_cBK
_h1446
_iVER
_kBR
_m1998